SPACE-RL Innovation Transfer Model "Science – Business"

Matica SPACE, z nástroja subjektívneho hodnotenia, založeného na kvalitatívnych ukazovateľoch, určovaných odborníkmi sa zmenila na a SPACE-RL model, v ktorom je možné porovnať možnosti podnikateľskej univerzity z hľadiska stratégie uvedenia vynálezu na trh a pripravenosti vynálezu stať sa inováciou....

Descrizione completa

Salvato in:
Dettagli Bibliografici
Autore principale: Artiukhov, Artem, 1983-
Altri autori: Bilan, Svitlana, Volk, Iurii, Lyeonov, Serhiy, Serafimova, Desislava
Natura: Capitolo di libro
Lingua:inglese
Soggetti:
Tags: Aggiungi Tag
Nessun Tag, puoi essere il primo ad aggiungerne!!

MARC

LEADER 00000naa a2200000 4500
001 0295197
005 20240502083949.2
041 0 |a eng 
044 |a RO 
245 1 0 |a SPACE-RL Innovation Transfer Model "Science – Business"  |c Artem Artiukhov, Svitlana Bilan, Iurii Volk, Serhiy Lyeonov, Desislava Serafimova 
520 |a Matica SPACE, z nástroja subjektívneho hodnotenia, založeného na kvalitatívnych ukazovateľoch, určovaných odborníkmi sa zmenila na a SPACE-RL model, v ktorom je možné porovnať možnosti podnikateľskej univerzity z hľadiska stratégie uvedenia vynálezu na trh a pripravenosti vynálezu stať sa inováciou. Model SPACE-RL maximálne objektivizuje proces prenosu inovácií a znižuje vplyv kvalitatívnych faktorov pri rozhodovaní. 
610 2 0 |a modely 
610 2 0 |a inovácie technologické 
610 2 0 |a prenos dát 
610 2 0 |a univerzity 
610 2 0 |a podnikanie 
610 2 0 |a obchod 
610 2 0 |a vynálezy 
100 1 |a Artiukhov, Artem, 1983- 
700 1 |a Bilan, Svitlana 
700 1 |a Volk, Iurii 
700 1 |a Lyeonov, Serhiy 
700 1 |a Serafimova, Desislava